| 000 -CABECERA |
| campo de control de longitud fija |
00835nam a2200277 a 4500 |
| 001 - NÚMERO DE CONTROL |
| campo de control |
000016557 |
| 005 - FECHA Y HORA DE LA ÚLTIMA TRANSACCIÓN |
| campo de control |
20200120221956.0 |
| 008 - DATOS DE LONGITUD FIJA--INFORMACIÓN GENERAL |
| campo de control de longitud fija |
001227s1994 colp gr0 000 d |
| 020 ## - NÚMERO INTERNACIONAL ESTÁNDAR DEL LIBRO |
| Número Internacional Estándar del Libro |
958-600-289-6 |
| 082 04 - NÚMERO DE LA CLASIFICACIÓN DECIMAL DEWEY |
| Número de clasificación |
658.812 |
| Número de documento/Ítem |
S28 |
| Número de edición |
21 |
| 100 0# - ENTRADA PRINCIPAL--NOMBRE DE PERSONA |
| Nombre de persona |
Sewell, Carl |
| 245 10 - MENCIÓN DE TÍTULO |
| Título |
Clientes para siempre / |
| Mención de responsabilidad, etc. |
Carl Sewll |
| -- |
traducción: Roberto A. Haas. |
| 250 ## - MENCIÓN DE EDICIÓN |
| Mención de edición |
1a.ed. |
| 260 ## - PUBLICACIÓN, DISTRIBUCIÓN, ETC. |
| Lugar de publicación, distribución, etc. |
Santafé de Bogotá : |
| Nombre del editor, distribuidor, etc. |
McGraw - Hill, |
| Fecha de publicación, distribución, etc. |
1994. |
| 300 ## - DESCRIPCIÓN FÍSICA |
| Extensión |
V.1 : il., fab., cuad. |
| 490 #0 - MENCIÓN DE SERIE |
| Mención de serie |
Serie McGraw - Hill servicio al cliente |
| 500 ## - NOTA GENERAL |
| Nota general |
Titulo original en inglés: Customers for life |
| 500 ## - NOTA GENERAL |
| Nota general |
Incluye epilogo y reconocimientos |
| 650 14 - PUNTO DE ACCESO ADICIONAL DE MATERIA--TÉRMINO DE MATERIA |
| Término de materia o nombre geográfico como elemento de entrada |
SERVICIO AL CLIENTE |
| 650 14 - PUNTO DE ACCESO ADICIONAL DE MATERIA--TÉRMINO DE MATERIA |
| Término de materia o nombre geográfico como elemento de entrada |
MERCADEO |
| 650 14 - PUNTO DE ACCESO ADICIONAL DE MATERIA--TÉRMINO DE MATERIA |
| Término de materia o nombre geográfico como elemento de entrada |
LIDERAZGO |
| 650 14 - PUNTO DE ACCESO ADICIONAL DE MATERIA--TÉRMINO DE MATERIA |
| Término de materia o nombre geográfico como elemento de entrada |
VENTAS |
| 650 14 - PUNTO DE ACCESO ADICIONAL DE MATERIA--TÉRMINO DE MATERIA |
| Término de materia o nombre geográfico como elemento de entrada |
ADMINISTRACION DE EMPRESAS |
| 650 14 - PUNTO DE ACCESO ADICIONAL DE MATERIA--TÉRMINO DE MATERIA |
| Término de materia o nombre geográfico como elemento de entrada |
NEGOCIOS |
| 700 1# - PUNTO DE ACCESO ADICIONAL--NOMBRE DE PERSONA |
| Nombre de persona |
Haas, Roberto A. |